<?xml version="1.0" encoding="UTF-8"?><?xml-stylesheet type="text/xsl" href="static/style.xsl"?><OAI-PMH xmlns="http://www.openarchives.org/OAI/2.0/" xmlns:xsi="http://www.w3.org/2001/XMLSchema-instance" xsi:schemaLocation="http://www.openarchives.org/OAI/2.0/ http://www.openarchives.org/OAI/2.0/OAI-PMH.xsd"><responseDate>2026-06-01T14:57:09Z</responseDate><request verb="GetRecord" identifier="oai:riuma.uma.es:10630/37917" metadataPrefix="marc">https://riuma.uma.es/rest/oai/request</request><GetRecord><record><header><identifier>oai:riuma.uma.es:10630/37917</identifier><datestamp>2026-02-03T11:37:45Z</datestamp><setSpec>com_10630_2254</setSpec><setSpec>col_10630_37960</setSpec></header><metadata><record xmlns="http://www.loc.gov/MARC21/slim" xmlns:dcterms="http://purl.org/dc/terms/" xmlns:doc="http://www.lyncode.com/xoai" xmlns:xsi="http://www.w3.org/2001/XMLSchema-instance" xsi:schemaLocation="http://www.loc.gov/MARC21/slim http://www.loc.gov/standards/marcxml/schema/MARC21slim.xsd">
   <leader>00925njm 22002777a 4500</leader>
   <datafield ind2=" " ind1=" " tag="042">
      <subfield code="a">dc</subfield>
   </datafield>
   <datafield ind2=" " ind1=" " tag="720">
      <subfield code="a">Asikainen, Eveliina</subfield>
      <subfield code="e">author</subfield>
   </datafield>
   <datafield ind2=" " ind1=" " tag="720">
      <subfield code="a">Eskola-Salin, Nina</subfield>
      <subfield code="e">author</subfield>
   </datafield>
   <datafield ind2=" " ind1=" " tag="720">
      <subfield code="a">Fischer, Sophie</subfield>
      <subfield code="e">author</subfield>
   </datafield>
   <datafield ind2=" " ind1=" " tag="720">
      <subfield code="a">Giedraitiené, Vytaute</subfield>
      <subfield code="e">author</subfield>
   </datafield>
   <datafield ind2=" " ind1=" " tag="720">
      <subfield code="a">Beseckas, Povilas</subfield>
      <subfield code="e">author</subfield>
   </datafield>
   <datafield ind2=" " ind1=" " tag="720">
      <subfield code="a">Mairhofer, Stephanie</subfield>
      <subfield code="e">author</subfield>
   </datafield>
   <datafield ind2=" " ind1=" " tag="720">
      <subfield code="a">Köder, Lea</subfield>
      <subfield code="e">author</subfield>
   </datafield>
   <datafield ind2=" " ind1=" " tag="720">
      <subfield code="a">Schmitt, Jan</subfield>
      <subfield code="e">author</subfield>
   </datafield>
   <datafield ind2=" " ind1=" " tag="720">
      <subfield code="a">Walter, Holger</subfield>
      <subfield code="e">author</subfield>
   </datafield>
   <datafield ind2=" " ind1=" " tag="720">
      <subfield code="a">Guerrero-Pérez, María Olga</subfield>
      <subfield code="e">author</subfield>
   </datafield>
   <datafield ind2=" " ind1=" " tag="720">
      <subfield code="a">Blázquez-Parra, Elidia Beatriz</subfield>
      <subfield code="e">author</subfield>
   </datafield>
   <datafield ind2=" " ind1=" " tag="720">
      <subfield code="a">Bikuviené, Ina</subfield>
      <subfield code="e">author</subfield>
   </datafield>
   <datafield ind2=" " ind1=" " tag="720">
      <subfield code="a">Lisina, Neringa</subfield>
      <subfield code="e">author</subfield>
   </datafield>
   <datafield ind2=" " ind1=" " tag="720">
      <subfield code="a">Tamuliené, Rasa</subfield>
      <subfield code="e">author</subfield>
   </datafield>
   <datafield ind2=" " ind1=" " tag="720">
      <subfield code="a">Liepinaitiené, Alina</subfield>
      <subfield code="e">author</subfield>
   </datafield>
   <datafield ind2=" " ind1=" " tag="720">
      <subfield code="a">Mäkelä, Anne-Maria</subfield>
      <subfield code="e">author</subfield>
   </datafield>
   <datafield ind2=" " ind1=" " tag="720">
      <subfield code="a">Tahio, Sanna</subfield>
      <subfield code="e">author</subfield>
   </datafield>
   <datafield ind2=" " ind1=" " tag="720">
      <subfield code="a">Selimaa, Hanna</subfield>
      <subfield code="e">author</subfield>
   </datafield>
   <datafield ind2=" " ind1=" " tag="720">
      <subfield code="a">Hager, Veronika</subfield>
      <subfield code="e">author</subfield>
   </datafield>
   <datafield ind2=" " ind1=" " tag="720">
      <subfield code="a">Ortega-Casanova, Joaquín</subfield>
      <subfield code="e">author</subfield>
   </datafield>
   <datafield ind2=" " ind1=" " tag="720">
      <subfield code="a">Mora-Salgado, Patricia</subfield>
      <subfield code="e">author</subfield>
   </datafield>
   <datafield ind2=" " ind1=" " tag="260">
      <subfield code="c">2024-06-21</subfield>
   </datafield>
   <datafield ind2=" " ind1=" " tag="520">
      <subfield code="a">Global climate change is a cognitive challenge for many people and often evokes negative associations&#xd;
due to its complexity and interactions with politics, social movements and economic&#xd;
developments. Therefore, the possession of green skills becomes central to the fight against climate&#xd;
change. The European Council conclusions recognize this urgency and underline the need&#xd;
for a transition to green skills. This recognition also extends to higher education, where institutions&#xd;
have a crucial role to play in tackling the climate crisis. Personal Green Skills in Higher Education&#xd;
(PeGSinHE) is an Erasmus+ KA2 project coordinated by Kauno Kolegija (KK, Lithuania),&#xd;
Tampere University of Applied Sciences (TAMK, Finland), Hochschule für Agrar- und Umweltpädagogik&#xd;
(HAUP, Austria), Universidad de Málaga (UMA, Spain) and Technical University of&#xd;
Applied Sciences Würzburg-Schweinfurt (THWS, Germany). The strategically designed project&#xd;
aims not only to promote green skills among students and encourage personal behavioral change&#xd;
in line with the Sustainable Development Goals, but also to instill a sense of social responsibility&#xd;
in the partner institutions. The focus is on empowering lecturers at partner universities through&#xd;
innovative teaching and learning methods to effectively impart green skills to students. This report&#xd;
describes the objectives and methodology used to assess environmental and sustainability competencies&#xd;
in the higher education institutions involved in the project.</subfield>
   </datafield>
   <datafield ind1="8" ind2=" " tag="024">
      <subfield code="a">Asikainen, E., Eskola-Salin, N., Fischer, S., Giedraitiené, V., Beseckas, P., Mairhofer, S., Köder, L., Schmitt, J., Walter, H., Guerrero-Perez, O., Blázquez-Parra, E.B., Bikuviené, I., Lisina, N., Tamuliené, R., Liepinaitiené, A., Mäkelä, A., Tahlo, S., Selimaa, H., Hager, V., Ortega-Casanova, J., MoraSegado, P. (2024). Sustainability at HEIs: Mapping Good Practices. https://doi.org/10.57714/ b75p-n548</subfield>
   </datafield>
   <datafield ind1="8" ind2=" " tag="024">
      <subfield code="a">https://hdl.handle.net/10630/37917</subfield>
   </datafield>
   <datafield ind1="8" ind2=" " tag="024">
      <subfield code="a">10.57714/b75p-n548</subfield>
   </datafield>
   <datafield tag="653" ind2=" " ind1=" ">
      <subfield code="a">Educación ambiental</subfield>
   </datafield>
   <datafield tag="653" ind2=" " ind1=" ">
      <subfield code="a">Enseñanza superior</subfield>
   </datafield>
   <datafield tag="653" ind2=" " ind1=" ">
      <subfield code="a">Cambios climático</subfield>
   </datafield>
   <datafield ind2="0" ind1="0" tag="245">
      <subfield code="a">Sustainability at HEIs: Mapping Good Practice.</subfield>
   </datafield>
</record>
</metadata></record></GetRecord></OAI-PMH>